Big 4 U.S. Sports Teams with Alliteration - Statistics

General Stats
  • This quiz has been taken 155 times
    130 since last reset
  • The average score is 10 of 16
Answer Stats
Answer % Correct
Buffalo Bills
76%
Boston Bruins
74%
Seattle Seahawks
72%
Tennessee Titans
72%
Jacksonville Jaguars
70%
Philadelphia Phillies
68%
Pittsburgh Pirates
68%
Chicago Cubs
66%
Los Angeles Lakers
66%
Cleveland Cavaliers
60%
Pittsburgh Penguins
60%
Miami Marlins
58%
Washington Wizards
58%
San Antonio Spurs
53%
San Jose Sharks
50%
Anaheim Angels
5%
No matching quizzes found
Score Distribution
Percent of People with Each Score
Percentile by Number Answered
Your Score History
You have not taken this quiz since the last reset